| 000 | 00390 a2200121 4500 | ||
|---|---|---|---|
| 001 | ART_45378 | ||
| 005 | 20260410161939.0 | ||
| 008 | 260409a | ||
| 245 | 1 | 0 | _aCumulative causation and the "new" Theories of economic growth |
| 100 | 1 | _aSkott, Peter | |
| 700 | 1 | _aAuerbach, Paul | |
| 773 | 0 |
_tJournal of post Keynesian economics _g- Vol. 17, NÂș 3 (mar. 1995) _wREV26226 |
|
| 999 |
_c29297 _d29297 |
||